000 00596nam a2200205Ia 4500
008 240729s9999 xx 000 0 und d
022 _a2045-709X
245 0 _aChiropractic & Manual Therapies
260 _aUnited Kingdom
260 _bBMC
650 _a Chiropractic | Medicine
650 _a Diseases of the musculoskeletal system
650 _a Internal medicine
650 _a Other systems of medicine
650 _a Specialties of internal medicine
650 _aMedicine
856 _uhttps://doaj.org/toc/b148e563c0554cda9e0d821f81fd541c
942 _2ddc
942 _cDOAJEJ
999 _c74312
_d74312
945 _a1
_bMadushi Gamage
_c1
_dMadushi Gamage